Top 20 des marques alimentaires les plus achetées en France - Statistiques

Statistiques générales
  • Ce quiz a été pris 928 fois
  • Le résultat moyen est 4 sur 20
Statistiques - réponses
Hint Réponse % Correct
4 Coca-cola
58%
5 Panzani
53%
9 Lustucru
34%
3 Président
29%
7 Cristaline
28%
1 Herta
28%
2 Fleury Michon
23%
8 Bonduelle
19%
12 Amora
17%
15 Danette
15%
13 Bonne Maman
12%
19 Sodebo
12%
6 Harry's
11%
11 La Laitière
10%
20 Lindt
9%
18 Andros
8%
17 Le Gaulois
8%
16 Activia
6%
14 Elle&Vire
5%
10 Pasiquer
2%
Aucun quiz correspondant
Distribution des résultats
% des personnes avec chaque résultat
Percentile par nombre de réponses
Votre historique - résultats
Vous n’avez pas pris ce quiz